000
00228 a2200097 4500
000
nam a22 7a 4500
005
20260129172838.0
100
_a
Ramachandran, V. S.
_9
1112846
245
_a
The Tell-Tale brain
942
_c
TEXL
999
_c
1678392
_d
1678392